<?xml version="1.0" encoding="UTF-8"?><?xml-stylesheet type="text/xsl" href="static/style.xsl"?><OAI-PMH xmlns="http://www.openarchives.org/OAI/2.0/" xmlns:xsi="http://www.w3.org/2001/XMLSchema-instance" xsi:schemaLocation="http://www.openarchives.org/OAI/2.0/ http://www.openarchives.org/OAI/2.0/OAI-PMH.xsd"><responseDate>2026-06-02T05:09:46Z</responseDate><request verb="GetRecord" identifier="oai:riubu.ubu.es:10259/6847" metadataPrefix="marc">https://riubu.ubu.es/oai/request</request><GetRecord><record><header><identifier>oai:riubu.ubu.es:10259/6847</identifier><datestamp>2022-09-15T00:05:16Z</datestamp><setSpec>com_10259_3847</setSpec><setSpec>com_10259_5086</setSpec><setSpec>com_10259_2604</setSpec><setSpec>col_10259_3848</setSpec></header><metadata><record xmlns="http://www.loc.gov/MARC21/slim" xmlns:doc="http://www.lyncode.com/xoai" xmlns:xsi="http://www.w3.org/2001/XMLSchema-instance" xmlns:dcterms="http://purl.org/dc/terms/" xsi:schemaLocation="http://www.loc.gov/MARC21/slim http://www.loc.gov/standards/marcxml/schema/MARC21slim.xsd">
<leader>00925njm 22002777a 4500</leader>
<datafield tag="042" ind1=" " ind2=" ">
<subfield code="a">dc</subfield>
</datafield>
<datafield tag="720" ind1=" " ind2=" ">
<subfield code="a">Basurto Hornillos, Nuño</subfield>
<subfield code="e">author</subfield>
</datafield>
<datafield tag="720" ind1=" " ind2=" ">
<subfield code="a">Cambra Baseca, Carlos</subfield>
<subfield code="e">author</subfield>
</datafield>
<datafield tag="720" ind1=" " ind2=" ">
<subfield code="a">Herrero Cosío, Álvaro</subfield>
<subfield code="e">author</subfield>
</datafield>
<datafield tag="260" ind1=" " ind2=" ">
<subfield code="c">2022-05</subfield>
</datafield>
<datafield tag="520" ind1=" " ind2=" ">
<subfield code="a">In robotic systems, both software and hardware components are equally important. However, scant attention has been devoted until now in order to detect anomalies/failures affecting the software component of robots while many proposals exist aimed at detecting physical anomalies. To bridge this gap, the present paper focuses on the study of anomalies affecting the software performance of a robot by using a novel visualization tool. Unsupervised visualization methods from the machine learning field are applied in order to upgrade the recently proposed Hybrid Unsupervised Exploratory Plots (HUEPs). Furthermore, Curvilinear Component Analysis and t-distributed stochastic neighbor embedding are added to the original HUEPs formulation and comprehensively compared. Furthermore, all the different combinations of HUEPs are validated in a real-life scenario. Thanks to this intelligent visualization of robot status, interesting conclusions can be obtained to improve anomaly detection in robot performance.</subfield>
</datafield>
<datafield tag="024" ind2=" " ind1="8">
<subfield code="a">1433-7541</subfield>
</datafield>
<datafield tag="024" ind2=" " ind1="8">
<subfield code="a">http://hdl.handle.net/10259/6847</subfield>
</datafield>
<datafield tag="024" ind2=" " ind1="8">
<subfield code="a">10.1007/s10044-021-01053-0</subfield>
</datafield>
<datafield tag="024" ind2=" " ind1="8">
<subfield code="a">1433-755X</subfield>
</datafield>
<datafield ind1=" " ind2=" " tag="653">
<subfield code="a">Smart robotics</subfield>
</datafield>
<datafield ind1=" " ind2=" " tag="653">
<subfield code="a">Component-based robot software</subfield>
</datafield>
<datafield ind1=" " ind2=" " tag="653">
<subfield code="a">Performance monitoring</subfield>
</datafield>
<datafield ind1=" " ind2=" " tag="653">
<subfield code="a">Anomaly detection</subfield>
</datafield>
<datafield ind1=" " ind2=" " tag="653">
<subfield code="a">Machine learning</subfield>
</datafield>
<datafield ind1=" " ind2=" " tag="653">
<subfield code="a">Unsupervised visualization</subfield>
</datafield>
<datafield ind1=" " ind2=" " tag="653">
<subfield code="a">Clustering</subfield>
</datafield>
<datafield ind1=" " ind2=" " tag="653">
<subfield code="a">Exploratory projection pursuit</subfield>
</datafield>
<datafield tag="245" ind1="0" ind2="0">
<subfield code="a">A visual tool for monitoring and detecting anomalies in robot performance</subfield>
</datafield>
</record></metadata></record></GetRecord></OAI-PMH>